[Event "European Youth Chess Championship G12"]
[Site "Prague, Top Hotel Prague"]
[Date "2016.08.21"]
[Round "4.1"]
[White "Caglar, Sila"]
[Black "Dylag, Emilia"]
[Result "1-0"]
[WhiteElo "1983"]
[BlackElo "1792"]
[PlyCount "125"]
[EventDate "2016.08.18"]

1. e4 e5 2. Nf3 Nc6 3. Bb5 a6 4. Ba4 Nf6 5. O-O Nxe4 6. Re1 Nc5 7. Nc3 Nxa4 8.
Nxe5 Be7 9. Nd5 Nc5 10. Nxc6 dxc6 11. Nxe7 Be6 12. Nf5 Qf6 13. Ng3 O-O 14. d4
Nd7 15. b3 Rfe8 16. Bb2 Qg6 17. Qd2 Nb6 18. c4 Rad8 19. Rad1 Re7 20. f3 f6 21.
Qf2 Qf7 22. Ba3 Ree8 23. Bb2 Bc8 24. Ne4 Qg6 25. Nc5 Rxe1+ 26. Rxe1 Re8 27. Bc1
Rxe1+ 28. Qxe1 h6 29. Bf4 Qf7 30. Qg3 Kh7 31. Bxc7 Nd7 32. Ne4 Nf8 33. Bf4 Ng6
34. Bd2 Bf5 35. Qd6 Qe8 36. Nc3 Qe6 37. Qc7 Qd7 38. Qxd7 Bxd7 39. Na4 Kg8 40.
Nb6 Bf5 41. a3 Kf7 42. Kf2 Ke8 43. a4 Bc2 44. b4 Ke7 45. a5 Kd6 46. g4 Bd3 47.
Ke3 Bc2 48. Be1 Bb3 49. f4 Bd1 50. f5 Nf8 51. Kf4 Nd7 52. c5+ Kc7 53. Nc4 Bb3
54. Nd6 Kd8 55. Nxb7+ Ke7 56. Nd6 Bc2 57. h4 Bd3 58. Nc8+ Kd8 59. Nb6 Nxb6 60.
axb6 g5+ 61. fxg6 Bxg6 62. h5 Bd3 63. Bh4 1-0

[Event "European Youth Chess Championship G12"]
[Site "Prague, Top Hotel Prague"]
[Date "2016.08.21"]
[Round "4.2"]
[White "Ziegenfuss, Antonia"]
[Black "Sovina, Maria"]
[Result "1-0"]
[WhiteElo "1829"]
[BlackElo "1740"]
[PlyCount "181"]
[EventDate "2016.08.18"]

1. e4 c5 2. Nf3 Nc6 3. Bb5 Nf6 4. e5 Nd5 5. O-O Nc7 6. Bxc6 dxc6 7. Nc3 g6 8.
d3 Bg7 9. Re1 O-O 10. Be3 b6 11. Qd2 Bg4 12. Ng5 Bxe5 13. h3 Bf5 14. Nf3 Bg7
15. Bh6 Nd5 16. Ne5 Qc7 17. Bxg7 Kxg7 18. Re2 f6 19. Nf3 e5 20. Rae1 Rad8 21.
Nxd5 cxd5 22. g4 Bc8 23. g5 e4 24. dxe4 dxe4 25. Qc3 Bb7 26. gxf6+ Rxf6 27. Ng5
Rd4 28. Nxe4 Qc6 29. f3 Rf5 30. h4 b5 31. Ng5 b4 32. Ne6+ Qxe6 33. Qxd4+ cxd4
34. Rxe6 Bxf3 35. Re7+ Kh6 36. Rxa7 g5 37. Re6+ Kh5 38. Rxh7+ Kg4 39. Rg6 Rf4
40. Rxg5+ Kh3 41. Rhg7 Be2 42. Rg3+ Kxh4 43. Rg2 Rf1+ 44. Kh2 Bf3 45. Rh7+ Bh5
46. Rh8 d3 47. cxd3 Rd1 48. Rc2 Rxd3 49. Rc4+ Kg5 50. Rc5+ Kf4 51. Rhxh5 Rd2+
52. Kg1 Rxb2 53. Rh2 Rb1+ 54. Kg2 Ke3 55. Rb5 Rb2+ 56. Kg3 Rb1 57. Rh4 Rg1+ 58.
Kh2 Ra1 59. Rhxb4 Rxa2+ 60. Rb2 Ra8 61. R5b3+ Kd4 62. Kg2 Kc4 63. Kf2 Rh8 64.
Ke2 Rh2+ 65. Kd1 Rh1+ 66. Kc2 Rh2+ 67. Kb1 Rh1+ 68. Ka2 Rh8 69. Rb4+ Kc5 70.
Rb8 Rh7 71. Rc2+ Kd4 72. Rd8+ Ke3 73. Rcd2 Ra7+ 74. Kb3 Rb7+ 75. Kc2 Rc7+ 76.
Kd1 Rg7 77. Re2+ Kf3 78. Rf8+ Kg3 79. Ref2 Re7 80. R2f7 Re4 81. Rg7+ Kh3 82.
Rh8+ Rh4 83. Rxh4+ Kxh4 84. Ke2 Kh5 85. Kf3 Kh6 86. Rg1 Kh7 87. Kf4 Kh6 88. Kf5
Kh7 89. Kf6 Kh8 90. Kf7 Kh7 91. Rh1# 1-0

[Event "European Youth Chess Championship G12"]
[Site "Prague, Top Hotel Prague"]
[Date "2016.08.21"]
[Round "4.3"]
[White "Levitan, Ronit"]
[Black "Mkrtchyan, Mariam"]
[Result "1/2-1/2"]
[WhiteElo "1793"]
[BlackElo "1720"]
[PlyCount "84"]
[EventDate "2016.08.18"]

1. e4 c6 2. d4 d5 3. exd5 cxd5 4. c4 Nf6 5. Nc3 g6 6. cxd5 Nxd5 7. Qb3 Nb6 8.
d5 Bg7 9. Be3 O-O 10. Rd1 Bf5 11. Nf3 Na6 12. Be2 Rc8 13. Nd4 Bd7 14. Ne6 fxe6
15. dxe6 Bxc3+ 16. bxc3 Ba4 17. Rxd8 Bxb3 18. Rxf8+ Kxf8 19. axb3 Rxc3 20. Bh6+
Kg8 21. Bxa6 bxa6 22. O-O Rxb3 23. Rd1 Nd5 24. h3 Rb5 25. Rc1 Rb8 26. Rc6 Ra8
27. Rxa6 Nb4 28. Ra4 a5 29. Bd2 Nc6 30. Bc3 Ra6 31. Kf1 Kf8 32. Ke2 Ke8 33. Kd3
Nd8 34. Rxa5 Rxa5 35. Bxa5 Nxe6 36. Ke4 Kf7 37. Bb4 Nc7 38. f4 e6 39. g4 Ne8
40. Ke5 Ng7 41. Kd6 Ne8+ 42. Ke5 Ng7 1/2-1/2

[Event "European Youth Chess Championship G12"]
[Site "Prague, Top Hotel Prague"]
[Date "2016.08.21"]
[Round "4.4"]
[White "Donghvani, Nia"]
[Black "Mironenko, Galina"]
[Result "0-1"]
[WhiteElo "1686"]
[BlackElo "1769"]
[PlyCount "48"]
[EventDate "2016.08.18"]

1. e4 c5 2. Nf3 d6 3. d4 cxd4 4. Nxd4 Nf6 5. Nc3 a6 6. Be2 e5 7. Nb3 Be6 8. Be3
Nbd7 9. O-O Be7 10. f4 b5 11. Nd5 Bxd5 12. exd5 O-O 13. fxe5 Nxe5 14. Qd4 Qc7
15. c3 Rac8 16. Rad1 Bd8 17. Kh1 Nc4 18. Bxc4 Qxc4 19. Bf4 Ne4 20. Rde1 f5 21.
g4 Bh4 22. Rd1 fxg4 23. Qxc4 bxc4 24. Bg3 Bxg3 0-1

[Event "European Youth Chess Championship G12"]
[Site "Prague, Top Hotel Prague"]
[Date "2016.08.21"]
[Round "4.5"]
[White "Kirchei, Viktoriia"]
[Black "Krasteva, Beloslava"]
[Result "0-1"]
[WhiteElo "1767"]
[BlackElo "1996"]
[PlyCount "114"]
[EventDate "2016.08.18"]

1. e4 c5 2. d3 e6 3. g3 d5 4. Nd2 Nc6 5. Bg2 Nge7 6. Ngf3 g6 7. c3 Bg7 8. O-O
h6 9. Re1 O-O 10. Nb3 b6 11. e5 Qc7 12. d4 cxd4 13. cxd4 a5 14. Be3 Ba6 15. a3
Qd7 16. Nc1 Rfc8 17. Qd2 Kh7 18. b3 Rc7 19. Nd3 Rac8 20. Rec1 Nf5 21. Kh1 Qd8
22. Nb2 f6 23. exf6 Qxf6 24. Rd1 Nb4 25. Ne1 Nc2 26. Rac1 Ncxd4 27. Bxd4 Nxd4
28. Rxc7 Rxc7 29. Qe3 Rf7 30. Rd2 Qe5 31. Qxe5 Bxe5 32. b4 axb4 33. axb4 Nc6
34. Ned3 Bd6 35. Re2 Rf6 36. Rc2 Nxb4 37. Nxb4 Bxb4 38. Rc7+ Kg8 39. f4 Bb5 40.
Rb7 Bc5 41. h3 Rf7 42. Rb8+ Kg7 43. Ra8 g5 44. fxg5 hxg5 45. Nd1 d4 46. Ra2 e5
47. Nf2 Bc4 48. Rc2 d3 49. Rxc4 Rxf2 50. Rc1 d2 51. Rd1 Re2 52. Bf3 Re1+ 53.
Kg2 Be3 54. h4 gxh4 55. gxh4 b5 56. h5 b4 57. Kh2 b3 0-1

[Event "European Youth Chess Championship G12"]
[Site "Prague, Top Hotel Prague"]
[Date "2016.08.21"]
[Round "4.6"]
[White "Garifullina, Leya"]
[Black "Zeliantsova, Kseniya"]
[Result "1-0"]
[WhiteElo "1906"]
[BlackElo "1723"]
[PlyCount "83"]
[EventDate "2016.08.18"]

1. e4 c5 2. Nf3 e6 3. d4 cxd4 4. Nxd4 a6 5. Bd3 Ne7 6. O-O Nbc6 7. Nxc6 Nxc6 8.
Nc3 Be7 9. Be3 O-O 10. f4 d5 11. exd5 exd5 12. Qh5 f5 13. Ne2 Nb4 14. Rfd1 Nxd3
15. Rxd3 Rf6 16. Rad1 Be6 17. Nd4 Bf7 18. Qf3 Kh8 19. c3 Qe8 20. Qf2 Bh5 21.
Re1 Qf7 22. Nf3 Bxf3 23. Qxf3 Rd8 24. Red1 Rfd6 25. Bc5 Rc6 26. Bxe7 Qxe7 27.
Rxd5 Rxd5 28. Qxd5 Qe3+ 29. Kh1 Re6 30. Qxe6 Qxe6 31. Rd8+ Qg8 32. Rxg8+ Kxg8
33. Kg1 Kf7 34. Kf2 Ke6 35. Ke3 Kd5 36. Kd3 b5 37. b3 a5 38. c4+ Kc5 39. a3
bxc4+ 40. bxc4 a4 41. Kc3 h6 42. g3 1-0

[Event "European Youth Chess Championship G12"]
[Site "Prague, Top Hotel Prague"]
[Date "2016.08.21"]
[Round "4.7"]
[White "Stepanyan, Eva"]
[Black "Pipiras, Filipa Fortuna"]
[Result "1-0"]
[WhiteElo "1780"]
[BlackElo "1468"]
[PlyCount "141"]
[EventDate "2016.08.18"]

1. e4 e5 2. Nf3 Nc6 3. Bb5 a6 4. Ba4 Nf6 5. d3 b5 6. Bb3 Be7 7. O-O O-O 8. Re1
d6 9. c3 Na5 10. Bc2 c5 11. Nbd2 Nc6 12. Nf1 Qc7 13. Qe2 Be6 14. Ng3 Rfd8 15.
Bg5 h6 16. Bd2 d5 17. exd5 Rxd5 18. Bb3 Rd7 19. Bxe6 fxe6 20. d4 cxd4 21. cxd4
Nxd4 22. Nxd4 Rxd4 23. Bc3 Rdd8 24. Bxe5 Qb6 25. Bf4 Nd5 26. Be5 Bd6 27. Nh5
Bxe5 28. Qxe5 Qc7 29. Qxe6+ Qf7 30. a3 Qxe6 31. Rxe6 Rf8 32. Rd6 Ne7 33. Rd7
Rf7 34. Rad1 Rc8 35. Rd8+ Rxd8 36. Rxd8+ Rf8 37. Rxf8+ Kxf8 38. Nf4 Kf7 39. Kf1
Kf6 40. Nd3 Nd5 41. Ke2 Ke7 42. Nb4 Nc7 43. Kd3 Kd6 44. g3 a5 45. Nc2 Kc5 46.
b3 Ne6 47. f4 g6 48. h3 Kd6 49. b4 axb4 50. axb4 Kd5 51. Ne3+ Kc6 52. Ke4 Kd6
53. Nc2 h5 54. Nd4 Nc7 55. g4 hxg4 56. hxg4 Ke7 57. Ke5 Na6 58. Nc2 Nc7 59. Ne3
Na6 60. Nd5+ Kd7 61. g5 Kc6 62. f5 Nb8 63. fxg6 Nd7+ 64. Ke4 Nf8 65. g7 Ne6 66.
g8=Q Kd7 67. Qf7+ Kd8 68. Qe7+ Kc8 69. Qxe6+ Kb7 70. Qb6+ Ka8 71. Nc7# 1-0

[Event "European Youth Chess Championship G12"]
[Site "Prague, Top Hotel Prague"]
[Date "2016.08.21"]
[Round "4.8"]
[White "Allahverdiyeva, Ayan"]
[Black "Goraj, Barbara"]
[Result "1-0"]
[WhiteElo "1886"]
[BlackElo "1619"]
[PlyCount "61"]
[EventDate "2016.08.18"]

1. e4 c5 2. f4 e6 3. Nf3 d6 4. Nc3 Nf6 5. d3 Nc6 6. g3 g6 7. Bg2 Bg7 8. Ne2 O-O
9. O-O Qc7 10. c3 Rb8 11. h3 b5 12. g4 Kh8 13. Ng3 Ng8 14. g5 b4 15. c4 Nge7
16. h4 d5 17. h5 dxc4 18. h6 Bd4+ 19. Nxd4 Nxd4 20. dxc4 Rd8 21. Qg4 Nc2 22.
Rb1 b3 23. axb3 Rxb3 24. Rf3 Qb6 25. f5 e5 26. Qh4 Rxf3 27. Bxf3 Qb3 28. Qh2
Qxf3 29. Nf1 Rd1 30. Qxe5+ f6 31. Qxf6+ 1-0

[Event "European Youth Chess Championship G12"]
[Site "Prague, Top Hotel Prague"]
[Date "2016.08.21"]
[Round "4.9"]
[White "Lehaci, Miruna-Daria"]
[Black "Murzina, Agata"]
[Result "1/2-1/2"]
[WhiteElo "1860"]
[BlackElo "1651"]
[PlyCount "96"]
[EventDate "2016.08.18"]

1. f4 d5 2. g3 Nc6 3. Nf3 Bg4 4. Bg2 h5 5. h3 Bf5 6. d3 Qd7 7. Nbd2 O-O-O 8. a3
f6 9. b4 a6 10. Bb2 d4 11. c4 dxc3 12. Bxc3 Nh6 13. Nc4 Be6 14. Ne3 Rg8 15. a4
Nb8 16. Rb1 g5 17. b5 axb5 18. Nd4 gxf4 19. Nxb5 Re8 20. Na7+ Kd8 21. Rxb7 Na6
22. Qb1 Qd6 23. Nc4 Bxc4 24. dxc4 e5 25. Bc6 Rxg3 26. Rb8+ Ke7 27. Rxe8+ Kf7
28. Bd2 Qd4 29. Bd5+ Kg7 30. Rf1 Rg1 31. Nb5 Rxf1+ 32. Kxf1 Qxd2 33. Qe1 Qe3
34. Qf2 Qc1+ 35. Qe1 Qe3 36. Bf3 Bb4 37. Qf2 Qc1+ 38. Kg2 Nf5 39. Kh2 Be1 40.
Qg1+ Bg3+ 41. Kh1 Qxc4 42. Rd8 Qxa4 43. Rd7+ Kf8 44. Qd1 Ne3 45. Bc6 Qc4 46.
Rd8+ Kg7 47. Rd7+ Kf8 48. Rd8+ Kg7 1/2-1/2

[Event "European Youth Chess Championship G12"]
[Site "Prague, Top Hotel Prague"]
[Date "2016.08.21"]
[Round "4.10"]
[White "Marcinczyk, Monika"]
[Black "Anghel, Maria"]
[Result "1-0"]
[WhiteElo "1609"]
[BlackElo "1821"]
[PlyCount "81"]
[EventDate "2016.08.18"]

1. e4 c6 2. d4 d5 3. exd5 cxd5 4. Bd3 Nc6 5. c3 Qc7 6. Ne2 Bg4 7. O-O e6 8. h3
Bh5 9. Be3 Bd6 10. Nd2 Nf6 11. Nb3 Bg6 12. Bxg6 hxg6 13. Nc5 O-O 14. Nd3 Na5
15. Bf4 Bxf4 16. Nexf4 Nc4 17. Qc2 Rac8 18. Rfe1 Ne4 19. h4 Qd8 20. g3 b5 21.
Kg2 a5 22. Qe2 Qf6 23. Ne5 Rc7 24. Nfd3 Rfc8 25. h5 g5 26. f3 Ned6 27. Nc5 Nf5
28. Nxc4 bxc4 29. b3 cxb3 30. axb3 Nxd4 31. cxd4 Qxd4 32. Nxe6 fxe6 33. Qxe6+
Kh8 34. Qe3 Rc2+ 35. Kh3 g4+ 36. fxg4 Qb2 37. g5 Rh2+ 38. Kg4 Qg2 39. Qe8+ Kh7
40. g6+ Kh6 41. Qe3# 1-0

[Event "European Youth Chess Championship G12"]
[Site "Prague, Top Hotel Prague"]
[Date "2016.08.21"]
[Round "4.11"]
[White "Yakimova, Mariya"]
[Black "Lomaia, Diana"]
[Result "1-0"]
[WhiteElo "1818"]
[BlackElo "1593"]
[PlyCount "121"]
[EventDate "2016.08.18"]

1. e4 c5 2. Nc3 d6 3. Nge2 g6 4. d4 cxd4 5. Nxd4 Bg7 6. Be3 Nf6 7. f3 O-O 8.
Bc4 Nc6 9. Qd2 Bd7 10. h4 h5 11. Bb3 Rc8 12. O-O-O Ne5 13. Bg5 Nc4 14. Bxc4
Rxc4 15. Nde2 Qa5 16. Kb1 Rc5 17. Bxf6 Bxf6 18. Nd5 Qxd2 19. Nxf6+ exf6 20.
Rxd2 Bb5 21. Nc3 Rd8 22. Rhd1 Bc4 23. Rxd6 Rxd6 24. Rxd6 Be6 25. Rd8+ Kg7 26.
Kc1 f5 27. Rb8 fxe4 28. Nxe4 Ra5 29. Rxb7 Rxa2 30. Ng5 Kf6 31. Nxe6 Kxe6 32.
Kb1 Ra6 33. c4 Rc6 34. b3 a6 35. Kc2 f5 36. Kc3 Ke5 37. g3 f4 38. Re7+ Kf6 39.
Re2 Kf5 40. gxf4 Kxf4 41. Rg2 Kxf3 42. Rg5 Ke4 43. c5 Rf6 44. Kc4 Rf1 45. Rxg6
Rc1+ 46. Kb4 Kd5 47. Rxa6 Kd4 48. Rd6+ Ke5 49. Rh6 Kd5 50. Rxh5+ Kc6 51. Rh6+
Kc7 52. Kb5 Rf1 53. Rh7+ Kb8 54. b4 Rf8 55. Kb6 Rf6+ 56. c6 Rf8 57. Rb7+ Ka8
58. Ra7+ Kb8 59. c7+ Kc8 60. Ra8+ Kd7 61. Rxf8 1-0

[Event "European Youth Chess Championship G12"]
[Site "Prague, Top Hotel Prague"]
[Date "2016.08.21"]
[Round "4.12"]
[White "Bellahcene, Sofia"]
[Black "Wikar, Martyna"]
[Result "0-1"]
[WhiteElo "1603"]
[BlackElo "1803"]
[PlyCount "116"]
[EventDate "2016.08.18"]

1. e4 c5 2. Nf3 e6 3. b3 d5 4. exd5 exd5 5. Bb5+ Bd7 6. Bxd7+ Nxd7 7. Bb2 Ngf6
8. O-O Be7 9. d4 O-O 10. Nc3 Rc8 11. dxc5 Nxc5 12. Nd4 Qd7 13. Re1 Nce4 14.
Nxe4 Nxe4 15. Qf3 Bc5 16. Qd3 Rfe8 17. Re2 Qc7 18. f3 Nf6 19. Kh1 Bxd4 20.
Rxe8+ Nxe8 21. Qxd4 Qxc2 22. Re1 Nf6 23. h3 Qc5 24. Qh4 Qd6 25. Be5 Qc6 26. Bb2
h6 27. Rc1 Qe6 28. Rxc8+ Qxc8 29. Bxf6 Qc1+ 30. Kh2 gxf6 31. Qxf6 Qc7+ 32. Kh1
Qc1+ 33. Kh2 Qd2 34. f4 Kf8 35. Qxh6+ Ke7 36. Qg5+ f6 37. Qg7+ Ke6 38. Qg8+ Kd6
39. Qf8+ Ke6 40. Qg8+ Kd6 41. Qf8+ Kc6 42. b4 Qxf4+ 43. Kh1 d4 44. Qc5+ Kd7 45.
Qd5+ Ke7 46. Qxb7+ Kf8 47. Qa8+ Kg7 48. Qxa7+ Kg6 49. Qa3 Qf1+ 50. Kh2 d3 51.
Qb3 Qf4+ 52. Kg1 Qe3+ 53. Kh2 Qe5+ 54. Kh1 Qe1+ 55. Kh2 d2 56. Qd3+ Kg5 57.
Qd5+ Qe5+ 58. Qxe5+ fxe5 0-1

[Event "European Youth Chess Championship G12"]
[Site "Prague, Top Hotel Prague"]
[Date "2016.08.21"]
[Round "4.13"]
[White "Trifoi, Mihaela-Ioana"]
[Black "Somton, Anita"]
[Result "1-0"]
[WhiteElo "1595"]
[BlackElo "1753"]
[PlyCount "129"]
[EventDate "2016.08.18"]

1. e4 d5 2. exd5 Qxd5 3. Nc3 Qd6 4. d4 Nf6 5. Nf3 c6 6. Be3 Bf5 7. Qd2 e6 8.
Nh4 Bg6 9. Nxg6 hxg6 10. O-O-O Qc7 11. h3 Bd6 12. Kb1 Nbd7 13. Bd3 Nb6 14. g4
O-O-O 15. g5 Nfd5 16. Ne4 Nxe3 17. fxe3 Kb8 18. c4 c5 19. Qa5 Rc8 20. Rdf1 cxd4
21. exd4 Bf4 22. b3 Rhd8 23. Rf3 Rxd4 24. Rhf1 e5 25. Bc2 Rcd8 26. Qa3 Qd7 27.
Nc3 Nc8 28. Ne2 Rd2 29. Nxf4 exf4 30. Rxf4 Nd6 31. Qc1 Re2 32. Rd4 b6 33. Rfd1
Qc7 34. Qf4 Re6 35. Be4 Kc8 36. Bd5 Re7 37. Qg4+ Kb8 38. Bg2 Red7 39. Qf3 Nb7
40. Rxd7 Rxd7 41. Rf1 Qd6 42. h4 Qe5 43. Qf4 Qxf4 44. Rxf4 Nd6 45. Kb2 Kc7 46.
Kc3 Re7 47. Kd3 Kd7 48. b4 Nf5 49. Be4 Nd6 50. Bd5 Nf5 51. h5 Re3+ 52. Kd2 Re7
53. hxg6 fxg6 54. Be4 Nd6 55. Bxg6 Re5 56. Rg4 Ke6 57. Kd3 Nf5 58. Bxf5+ Kxf5
59. Rg2 Kg6 60. Kd4 Rxg5 61. Rxg5+ Kxg5 62. c5 bxc5+ 63. bxc5 Kf6 64. Kd5 g5
65. Kd6 1-0

[Event "European Youth Chess Championship G12"]
[Site "Prague, Top Hotel Prague"]
[Date "2016.08.21"]
[Round "4.14"]
[White "Tamrazyan, Gohar"]
[Black "Pisova, Petra"]
[Result "1-0"]
[WhiteElo "1741"]
[BlackElo "1555"]
[PlyCount "61"]
[EventDate "2016.08.18"]

1. e4 e5 2. Nf3 Nc6 3. d4 exd4 4. Bc4 h6 5. O-O Bc5 6. c3 dxc3 7. Bxf7+ Kxf7 8.
Qd5+ Ke8 9. Qxc5 Nge7 10. Nxc3 d6 11. Qc4 b6 12. b3 a5 13. Rd1 Ba6 14. Nb5 Qd7
15. a4 Rf8 16. Bb2 Bxb5 17. Qxb5 Qg4 18. Qe2 Ng6 19. h3 Qh5 20. Rd5 Nce5 21.
Qb5+ c6 22. Qxc6+ Nxc6 23. Rxh5 Nf4 24. Rf5 Ke7 25. Bxg7 Rxf5 26. exf5 h5 27.
Kf1 Rg8 28. f6+ Kf7 29. Rc1 Nd8 30. Rc7+ Ke8 31. Re7# 1-0

[Event "European Youth Chess Championship G12"]
[Site "Prague, Top Hotel Prague"]
[Date "2016.08.21"]
[Round "4.15"]
[White "Mihailova, Alina"]
[Black "Rzali, Sabina"]
[Result "1/2-1/2"]
[WhiteElo "1579"]
[BlackElo "1719"]
[PlyCount "88"]
[EventDate "2016.08.18"]

1. d4 d5 2. c4 dxc4 3. e4 Nf6 4. e5 Nd5 5. Bxc4 e6 6. Ne2 a6 7. Nbc3 b5 8. Bd3
Bb7 9. O-O Nd7 10. f4 g6 11. Ne4 c5 12. Kh1 Qb6 13. dxc5 Nxc5 14. N2c3 Rd8 15.
Nxd5 Bxd5 16. Nf6+ Ke7 17. Be3 Bxg2+ 18. Kxg2 Qb7+ 19. Qf3 Qxf3+ 20. Rxf3 Nxd3
21. Bb6 Bh6 22. Bxd8+ Rxd8 23. Rxd3 Rxd3 24. Ng8+ Ke8 25. Nxh6 Rd2+ 26. Kg3
Rxb2 27. a3 Rb3+ 28. Kg2 Rb2+ 29. Kg3 Rb3+ 30. Kg2 Rb2+ 31. Kg1 Rb3 32. Kf2
Rb2+ 33. Kg3 Rb3+ 34. Kg4 Kf8 35. Kh4 Kg7 36. Ng4 Rf3 37. Nf6 Rxf4+ 38. Kg3 Ra4
39. Ne8+ Kf8 40. Nd6 b4 41. Nc4 a5 42. Kf3 bxa3 43. Nxa3 Rh4 44. Ra2 Rb4
1/2-1/2

[Event "European Youth Chess Championship G12"]
[Site "Prague, Top Hotel Prague"]
[Date "2016.08.21"]
[Round "4.16"]
[White "Toncheva, Nadya"]
[Black "Mikhailina, Elena"]
[Result "0-1"]
[WhiteElo "1689"]
[BlackElo "1541"]
[PlyCount "132"]
[EventDate "2016.08.18"]

1. d4 d5 2. c4 e6 3. Nc3 Nf6 4. cxd5 exd5 5. Bg5 c6 6. e3 Bf5 7. Qf3 Bg6 8.
Bxf6 Qxf6 9. Qxf6 gxf6 10. f3 Bb4 11. Nge2 Nd7 12. a3 Ba5 13. b4 Bb6 14. g3
O-O-O 15. Bh3 Rhe8 16. Kf2 Kb8 17. a4 a6 18. b5 axb5 19. axb5 Kc7 20. bxc6 bxc6
21. Rhc1 Nf8 22. Nf4 Kb7 23. Nxg6 fxg6 24. Rcb1 Kc7 25. Ra6 Rb8 26. Na4 Bxd4
27. Re1 Bb6 28. Nxb6 Rxb6 29. Ra7+ Rb7 30. Rea1 Reb8 31. Rxb7+ Rxb7 32. Ra8 Rb8
33. Rxb8 Kxb8 34. e4 dxe4 35. fxe4 Kc7 36. Ke3 Kd6 37. Kd4 Ne6+ 38. Kc4 Ng5 39.
Bg2 Nf7 40. h3 Ng5 41. Kd4 Ne6+ 42. Kc4 c5 43. h4 Nd4 44. g4 h6 45. h5 g5 46.
Bf1 Nc6 47. Be2 Ne5+ 48. Kb5 Nc6 49. Kc4 Nd8 50. Bf3 Ne6 51. Kd3 Ke5 52. Ke3
Ng7 53. Kd3 Kf4 54. Bd1 Ne8 55. Kc4 Nd6+ 56. Kxc5 Nxe4+ 57. Kd5 Nc3+ 58. Ke6
Nxd1 59. Kxf6 Kxg4 60. Kg6 Ne3 61. Kxh6 Nf5+ 62. Kg6 Kf4 63. h6 Nxh6 64. Kh5 g4
65. Kh4 Nf5+ 66. Kh5 g3 0-1

[Event "European Youth Chess Championship G12"]
[Site "Prague, Top Hotel Prague"]
[Date "2016.08.21"]
[Round "4.18"]
[White "Maciulaityte, Barbora"]
[Black "Vorobyova, Ekaterina"]
[Result "1-0"]
[WhiteElo "1505"]
[BlackElo "1686"]
[PlyCount "115"]
[EventDate "2016.08.18"]

1. e4 e5 2. Nf3 Nc6 3. Bb5 a6 4. Ba4 Nf6 5. d3 b5 6. Bb3 Be7 7. a4 Bb7 8. O-O
d6 9. c3 O-O 10. Nbd2 Na5 11. Bc2 c5 12. Re1 Qc7 13. Nf1 Nc6 14. Ng3 Rfe8 15.
Nf5 Bf8 16. Bg5 Re6 17. Bb3 c4 18. dxc4 Na5 19. cxb5 Nxb3 20. Qxb3 axb5 21. Ng3
bxa4 22. Rxa4 Rxa4 23. Qxa4 Nd7 24. Qc2 d5 25. exd5 Bxd5 26. Nd2 Qb7 27. Nde4
g6 28. f3 f5 29. Nf2 f4 30. Nge4 Qb6 31. Kh1 h6 32. Bh4 g5 33. Bxg5 hxg5 34.
Nxg5 Rg6 35. Qd3 Rxg5 36. Qxd5+ Kh8 37. Ng4 Nf6 38. Nxf6 Qxf6 39. Qa8 Qg7 40.
Re2 Rh5 41. Qe8 Qh6 42. h3 Kg7 43. Rxe5 Rxe5 44. Qxe5+ Kg8 45. b4 Qh4 46. Qe6+
Kh8 47. Qe8 Kg7 48. Qe5+ Kg8 49. b5 Bd6 50. Qe6+ Kh8 51. b6 Qd8 52. b7 Qh4 53.
c4 Kh7 54. c5 Bxc5 55. b8=Q Bf8 56. Qc7+ Bg7 57. Qc2+ Kh8 58. Qe8+ 1-0

[Event "European Youth Chess Championship G12"]
[Site "Prague, Top Hotel Prague"]
[Date "2016.08.21"]
[Round "4.19"]
[White "Urbanc, Tina"]
[Black "Adamczyk, Zuzanna"]
[Result "0-1"]
[WhiteElo "1419"]
[BlackElo "1672"]
[PlyCount "72"]
[EventDate "2016.08.18"]

1. c4 e5 2. Nc3 Bb4 3. g3 Bxc3 4. bxc3 d6 5. Bg2 f5 6. e4 Nc6 7. Ne2 Nf6 8.
exf5 Bxf5 9. d4 Be4 10. O-O Bxg2 11. Kxg2 O-O 12. Rb1 Rb8 13. h3 Qe8 14. Be3 a6
15. Qd3 Qf7 16. a3 e4 17. Qc2 Qxc4 18. Nf4 Qf7 19. Rfd1 d5 20. Qa4 Nd7 21. Qb3
Nb6 22. Qa2 Nc4 23. Re1 g5 24. Ne2 Qf3+ 25. Kh2 Nxe3 26. fxe3 Qf2+ 27. Kh1 Ne7
28. c4 c6 29. cxd5 cxd5 30. Qd2 Rf3 31. Qb4 Rf7 32. Qd2 Nf5 33. Qc1 Nxe3 34.
Rg1 Qf3+ 35. Kh2 Qxe2+ 36. Kh1 Rf2 0-1

[Event "European Youth Chess Championship G12"]
[Site "Prague, Top Hotel Prague"]
[Date "2016.08.21"]
[Round "4.20"]
[White "Lobanova, Milana"]
[Black "Toth, Nikoletta"]
[Result "0-1"]
[WhiteElo "1348"]
[BlackElo "1668"]
[PlyCount "96"]
[EventDate "2016.08.18"]

1. d4 d5 2. Nf3 e6 3. e3 c5 4. b3 Nc6 5. Bb2 Nf6 6. Bd3 Be7 7. O-O O-O 8. Nbd2
a6 9. Ne5 cxd4 10. exd4 Nd7 11. f4 f6 12. Qh5 f5 13. Nxd7 Bxd7 14. Rae1 Rf6 15.
Qe2 Bd6 16. c4 Bb4 17. a3 Bxd2 18. Qxd2 Qc7 19. c5 Rh6 20. b4 Ne7 21. Qe2 Kh8
22. b5 axb5 23. Bxb5 Bxb5 24. Qxb5 Qc8 25. Rf2 Ra6 26. a4 Ng8 27. Ba3 Rc6 28.
Rb2 Rc7 29. Reb1 Qd8 30. Qa5 Qc8 31. Qa7 Qd8 32. g3 Qf6 33. Rd2 Qf7 34. a5 Rd7
35. Qb6 Qh5 36. a6 e5 37. Qb2 bxa6 38. dxe5 Qf3 39. Qb3 Qg4 40. Rxd5 Rxd5 41.
Qxd5 Qe2 42. Qb3 Qxh2+ 43. Kf1 Qh1+ 44. Ke2 Qe4+ 45. Kd2 Qd4+ 46. Kc1 Rh1+ 47.
Kc2 Rh2+ 48. Kc1 Qd2# 0-1

[Event "European Youth Chess Championship G12"]
[Site "Prague, Top Hotel Prague"]
[Date "2016.08.21"]
[Round "4.21"]
[White "Ozbek, Busra"]
[Black "Kostina, Veronika"]
[Result "1-0"]
[WhiteElo "1660"]
[BlackElo "1309"]
[PlyCount "167"]
[EventDate "2016.08.18"]

1. d4 Nf6 2. Nf3 e6 3. e3 c5 4. Bd3 b6 5. b3 Bb7 6. Bb2 Be7 7. Nbd2 O-O 8. O-O
d6 9. c4 Nbd7 10. Qe2 cxd4 11. exd4 Re8 12. Rfe1 Bf8 13. Qd1 d5 14. Nf1 Bb4 15.
N3d2 dxc4 16. Bxc4 Nd5 17. a3 Bf8 18. Ne4 N7f6 19. Nfg3 a6 20. Qd2 b5 21. Bd3
Rc8 22. Rac1 Qb6 23. Bb1 b4 24. a4 a5 25. Nc5 Red8 26. Nxb7 Qxb7 27. Ne4 Nxe4
28. Bxe4 Rxc1 29. Rxc1 Qe7 30. Bxd5 Rxd5 31. Qf4 Qd6 32. Qxd6 Rxd6 33. Kf1 f6
34. Ke2 Kf7 35. Rc5 Rd5 36. Rc7+ Kg6 37. Rc6 Bd6 38. Kd3 Kf5 39. g3 g5 40. h3
h5 41. Bc1 Kg6 42. Kc4 Kf7 43. Rb6 Bf8 44. Be3 Bd6 45. Rb5 Rxb5 46. Kxb5 Bc7
47. Kc6 Bd8 48. d5 exd5 49. Kxd5 Ke7 50. Kc6 Ke6 51. Bb6 Bxb6 52. Kxb6 g4 53.
hxg4 hxg4 54. Kxa5 Ke5 55. Kxb4 Ke4 56. a5 Kf3 57. a6 Kxf2 58. a7 Kxg3 59. a8=Q
f5 60. Qh1 f4 61. Qe1+ Kg2 62. Qe4+ Kg3 63. Qe5 Kf3 64. Qh5 Kg3 65. Qh1 Kf2 66.
Kc3 g3 67. Kd3 g2 68. Qc1 f3 69. Qe3+ Kg3 70. Ke4 Kh2 71. Kxf3 g1=Q 72. Qxg1+
Kxg1 73. b4 Kh2 74. b5 Kh3 75. b6 Kh4 76. b7 Kg5 77. b8=Q Kf5 78. Qe8 Kf6 79.
Kf4 Kg7 80. Qe6 Kh8 81. Qe7 Kg8 82. Kg5 Kh8 83. Kg6 Kg8 84. Qg7# 1-0

[Event "European Youth Chess Championship G12"]
[Site "Prague, Top Hotel Prague"]
[Date "2016.08.21"]
[Round "4.22"]
[White "Portnoy, Noam"]
[Black "Bolu, Yagmur"]
[Result "1-0"]
[WhiteElo "1710"]
[BlackElo "1510"]
[PlyCount "117"]
[EventDate "2016.08.18"]

1. c4 e6 2. Nf3 d5 3. g3 Nf6 4. Bg2 Bd6 5. O-O O-O 6. b3 c5 7. Bb2 Nc6 8. d3 a6
9. cxd5 exd5 10. d4 cxd4 11. Nxd4 Bc5 12. Nxc6 bxc6 13. Qc2 Qd6 14. Rc1 Nd7 15.
Bh3 Bb4 16. Qxc6 Qxc6 17. Rxc6 Nc5 18. Bxc8 Rfxc8 19. Rxc8+ Rxc8 20. Nc3 Bxc3
21. Bxc3 Ne4 22. Bd4 Rc2 23. Kf1 Rd2 24. Be3 Rc2 25. Rc1 Rxc1+ 26. Bxc1 f6 27.
f3 Nd6 28. Kf2 Kf7 29. Ke3 Nf5+ 30. Kd3 Ke6 31. a4 Kd7 32. e4 dxe4+ 33. Kxe4
Ke6 34. Ba3 g6 35. b4 Nd6+ 36. Kd4 Nb7 37. h3 h6 38. Bc1 h5 39. Ba3 g5 40. h4
gxh4 41. gxh4 Kd7 42. b5 axb5 43. axb5 Ke6 44. b6 Kd7 45. Kd5 Nd8 46. Bb2 Ke7
47. Bc3 Nb7 48. Kc6 Nd8+ 49. Kc7 Ne6+ 50. Kc8 Nd8 51. b7 Nxb7 52. Kxb7 f5 53.
f4 Ke6 54. Kc6 Kf7 55. Kd7 Kg6 56. Ke6 Kh7 57. Kxf5 Kh6 58. Bd2 Kh7 59. Kg5 1-0